书目信息 |
| 题名: |
自行火炮行驶试验仿真及工程应用
|
|
| 作者: | 吴大林 编著 | |
| 分册: | ||
| 出版信息: | 北京 机械工业出版社 2020 |
|
| 页数: | 151页 | |
| 开本: | 26cm | |
| 丛书名: | ||
| 单 册: | ||
| 中图分类: | TJ818-33 , TJ818 | |
| 科图分类: | ||
| 主题词: | 自行火炮--行驶系--在线仿真--试验--研究 | |
| 电子资源: | ||
| ISBN: | 978-7-111-65710-1 | |
| 000 | 00930nam0 2200241 450 | |
| 001 | 2260835362 | |
| 005 | 20220918165421.98 | |
| 010 | @a978-7-111-65710-1@dCNY99.80 | |
| 100 | @a20200911d2020 em y0chiy50 ea | |
| 101 | 0 | @achi |
| 102 | @aCN@b110000 | |
| 105 | @aa z 000yy | |
| 200 | 1 | @a自行火炮行驶试验仿真及工程应用@9zi xing huo pao xing shi shi yan fang zhen ji gong cheng ying yong@f吴大林[等]编著 |
| 210 | @a北京@c机械工业出版社@d2020 | |
| 215 | @a151页@c图@d26cm | |
| 304 | @a编著者还有:赵建新、杨玉良、李玥、张晓良 | |
| 330 | @a本书以履带式自行火炮为研究对象,以虚拟样机技术为手段,以自行火炮行驶试验为主线,围绕行驶试验仿真涉及的基础理论、路面重构、虚拟样机平台、强化系数和制动过程等内容,开展了行驶试验仿真分析。 | |
| 606 | 0 | @a自行火炮@x行驶系@x在线仿真@x试验@x研究 |
| 690 | @aTJ818-33@v5 | |
| 690 | @aTJ818@v4 | |
| 701 | 0 | @a吴大林@9wu da lin@4编著 |
| 801 | 0 | @aCN@b91MARC@c20200911 |
| 905 | @aZUCC@dTJ818@e1 | |
| 自行火炮行驶试验仿真及工程应用/吴大林[等]编著.-北京:机械工业出版社,2020 |
| 151页:图;26cm |
| ISBN 978-7-111-65710-1:CNY99.80 |
| 本书以履带式自行火炮为研究对象,以虚拟样机技术为手段,以自行火炮行驶试验为主线,围绕行驶试验仿真涉及的基础理论、路面重构、虚拟样机平台、强化系数和制动过程等内容,开展了行驶试验仿真分析。 |
| ● |
| 相关链接 |
|
|
|
正题名:自行火炮行驶试验仿真及工程应用
索取号:TJ818/1
 
预约/预借
| 序号 | 登录号 | 条形码 | 馆藏地/架位号 | 状态 | 备注 |
| 1 | 2000898562 | 2000898562 | 第三书库/ [索取号:TJ818/1] | 在馆 | |
| 2 | 2000898563 | 2000898563 | 第三书库/ [索取号:TJ818/1] | 在馆 | |
| 3 | 2000898564 | 2000898564 | 第三书库/ [索取号:TJ818/1] | 在馆 |